| 000 | 00378nam a2200133Ia 4500 | ||
|---|---|---|---|
| 008 | 230312s9999||||xx |||||||||||||| ||und|| | ||
| 020 | _a0071131507 | ||
| 082 |
_a004 _bLEA-C |
||
| 100 | _aMehaffie,Andrea | ||
| 245 | 0 | _aLearning Microsoft Office 2013 Learning Microsoft Office 2013 | |
| 260 |
_bMcgraw Hill _c2002 |
||
| 650 |
_aComputer _vElectronic data processing |
||
| 942 | _cBK | ||
| 999 |
_c18249 _d18249 |
||